| 000 | 00603nam a2200181 i 4500 | ||
|---|---|---|---|
| 001 | 150246 | ||
| 003 | ES-MaACL | ||
| 005 | 20231209062947.0 | ||
| 007 | t| | ||
| 008 | 071029s1963 sp ||||1| spa d | ||
| 100 | 1 |
_aVallejo-Nágera, Juan Antonio, _d1926-1990 _9112855 |
|
| 245 | 1 | 0 |
_aIntroducción a la psiquiatría / _cpor J. A. Vallejo Nágera Botas ; con un prólogo de J.J. López Ibor. |
| 260 |
_aMadrid : _bJauve, _c1963. |
||
| 300 |
_a550 p. ; _c25 cm. |
||
| 700 | 1 |
_aLópez Ibor, Juan José, _d1906-1991 _973703 |
|
| 852 |
_aES-MaACL _jC-22425 _bR.50971 |
||
| 999 |
_c150246 _d150246 |
||